Môi trường và phát triển bền vững Dùng cho sinh viên các trường Đại học, Cao đẳng

Những kiến thức cơ bản về môi trường, gắn kết những vấn đề môi trường và phát triển đảm bảo cho phát triển bền vững. Những khó khăn trong bảo vệ môi trường và phát triển bền vững......

Fuld beskrivelse

Đã lưu trong:
Bibliografiske detaljer
Hovedforfatter: Nguyễn, Đình Hòe
Format: Bog
Sprog:Undetermined
Udgivet: H. Giáo dục 2009
Fag:
Online adgang:http://lrc.tdmu.edu.vn/opac/search/detail.asp?aID=2&ID=7198
Tags: Tilføj Tag
Ingen Tags, Vær først til at tagge denne postø!
Thư viện lưu trữ: Trung tâm Học liệu Trường Đại học Thủ Dầu Một
LEADER 01085nam a2200217Ia 4500
001 TDMU_7198
008 210410s9999 xx 000 0 und d
082 |a 363.7 
090 |b NG527 
100 |a Nguyễn, Đình Hòe 
245 0 |a Môi trường và phát triển bền vững 
245 0 |b Dùng cho sinh viên các trường Đại học, Cao đẳng 
245 0 |c Nguyễn Đình Hòe 
260 |a H. 
260 |b Giáo dục 
260 |c 2009 
300 |a 138tr 
520 |a Những kiến thức cơ bản về môi trường, gắn kết những vấn đề môi trường và phát triển đảm bảo cho phát triển bền vững. Những khó khăn trong bảo vệ môi trường và phát triển bền vững... 
650 |a Môi trường; Bảo vệ môi trường; Phát triển bền vững; Giáo trình 
856 |u http://lrc.tdmu.edu.vn/opac/search/detail.asp?aID=2&ID=7198 
980 |a Trung tâm Học liệu Trường Đại học Thủ Dầu Một